LEADER 01222nam a2200289 a 4500 001 000000161971 003 CaOOAMICUS 005 20170717093734.0 008 170717s2017 gw u001 u eng r 020 $a978-3-16-155134-5* 032 $aLibriCat 040 $aPUL$bita 100 1 $aRothschild, Clare K.,$d1964-$0(OLS)http://pul/name/54141 245 10$aNew essays on the apostolic fathers /$cClare K. Rothschild. 260 $aTübingen :$bMohr Siebeck,$cİ2017. 300 $aXVI, 304 p. ;$c24 cm. 490 1 $aWissenschaftliche Untersuchungen zum Neuen Testament ;$v375 504 $aRiferimenti bibliografici e indici. 650 4$aPadri apostolici.$0(OLS)http://pul/subject/4455 830 0$aWissenschaftliche Untersuchungen zum Neuen Testament ;$v375.$0(OLS)http://pul/title/8628 850 $aPUL 852 $aPUL$W1$xSL Religione 1$y3$m16 H 375$j185953$qStampati$B189170$CPULBib$Z2$F189170 $H130010 $81 941 1 $a8 996 $6020$a978-3-16-155134-5*$9(OLS)http://pul/number/163015 996 $6245$aNew essays on the apostolic fathers$9(OLS)http://pul/title/201731 996 $6260$aTübingen :$bMohr Siebeck$9(OLS)http://pul/publisher/52004 LEADER 01357nam a2200277 u 4500 001 000000077895 003 CaOOAMICUS 005 20070226123354.0 008 040309s1954 it u000 u ita u 035 $a10986441 040 $aPUL(R)$bita 100 1 $aVolpi, Italo.$0(OLS)http://pul/name/18699 245 10$aComunione e salvezza in s. Agostino /$cVolpi Italo. 260 $aRomae :$bPontificium Athenaeum Lateranense :$bOfficium libri catholici,$c1954. 300 $a146 p. ;$c25 cm 490 1 $aPontificium Athenaeum Lateranense. Theses ad lauream in s. theologia ;$v27 502 $aThesis -- Pont. Athenaeum Lateranense. 504 $aBibliografia in nota. 830 0$aTheses ad lauream in s. theologia (Pontificia Università Lateranense) ;$v27.$0(OLS)http://pul/title/1741 850 $aPUL 852 $aPUL$W1$xDP1 Tesi Pon Univ. Lateranense$y41$mTH PUL.THEOL 27$j99992$nBK-PRI$b $qTesi$B99992$CPULBib$Z2$F99992 $HPUL17877 $81 852 $aPUL$W1$xDP1 Fondo Cecchetti$y53$m268 B 3$j99993$nBK-PRI$b $qFondi$B99993$CPULBib$Z2$F99993 $HPUL2149 $81 941 1 $a1 941 1 $a16 996 $6245$aComunione e salvezza in s. Agostino$9(OLS)http://pul/title/102124 996 $6260$aRomae :$bPontificium Athenaeum Lateranense :$bOfficium libri catholici$9(OLS)http://pul/publisher/75257